000 00365nas a2200157 a 4500
001 59603
003 131502
005 20201118105635.0
008 ||||||n9999 ||| || ||
041 _aspa
245 0 _aVision - Vol.91 No.12 (1998)
260 _aMéxico :
_bVision Incorporated,
_c1998.
562 _e1
773 _016581
_aVision :
942 _cSISS
999 _c59603
_d59603